Normal view
MARC view
Entry Personal Name
001 - CONTROL NUMBER
- control field: 17455
003 - CONTROL NUMBER IDENTIFIER
- control field: BD-RjUL
005 - DATE AND TIME OF LATEST TRANSACTION
- control field: 20251203102602.0
008 - FIXED-LENGTH DATA ELEMENTS
- fixed length control field: 251203|| aca||aabn | a|a d
040 ## - CATALOGING SOURCE
- Original cataloging agency: BD-RjUL
- Transcribing agency: BD-RjUL
100 ## - HEADING--PERSONAL NAME
- Personal name: Sophocles
- General subdivision: Translations into English
670 ## - SOURCE DATA FOUND
- Source citation: Work cat.: (BD-RjUL)21961: Sophocles. 67812, The Theban plays :, c1947 [Reprinted 1971].